Readings in perception (Record no. 1351656)

MARC details
000 -LEADER
fixed length control field 00629nam a2200229Ia 4500
005 - DATE AND TIME OF LATEST TRANSACTION
control field 20250508154710.0
008 - FIXED-LENGTH DATA ELEMENTS--GENERAL INFORMATION
fixed length control field 008 250505s9999 xx 000 0 eng d
037 ## - SOURCE OF ACQUISITION
Stock number Textual
040 ## - CATALOGING SOURCE
Original cataloging agency FEDL
Language of cataloging eng
Transcribing agency FEDL
041 ## - LANGUAGE CODE
Language code of text/sound track or separate title eng
Source of code eng
084 ## - COLON CLASSIFICATION NUMBER
Classification number 152, BEA
Assigning agency FEDL
100 ## - MAIN ENTRY--PERSONAL NAME
Personal name Beardslee David C
245 #0 - TITLE STATEMENT
Title Readings in perception
260 ## - PUBLICATION, DISTRIBUTION, ETC.
Place of publication, distribution, etc. New Jersey, USA
Name of publisher, distributor, etc. D. Van Nostrand Company
Date of publication, distribution, etc. 1958
300 ## - PHYSICAL DESCRIPTION
Extent xiii,751p.
365 ## - TRADE PRICE
Price type code INR
Price amount 12
490 ## - SERIES STATEMENT
Series statement University in psychology
650 ## - SUBJECT ADDED ENTRY--TOPICAL TERM
Topical term or geographic name entry element Perception
700 ## - ADDED ENTRY--PERSONAL NAME
Personal name Wertheimer Michael
9 (RLIN) 765888
942 ## - ADDED ENTRY ELEMENTS (KOHA)
Koha item type Textual
Classification part 152, BEA
Holdings
Withdrawn status Lost status Damaged status Not for loan Home library Current library Date acquired Cost, normal purchase price Total Checkouts Full call number Barcode Date last seen Price effective from Koha item type
        Department of Education Library Department of Education Library 2025-05-08 12.00   152, BEA EL0035812 2025-05-08 2025-05-08 Textual
Copyright @ Delhi University Library System